Statistics for Fifa 21 Top 100 Thirty Year Old+ Players

Click here to take the quiz!

General Stats

  • This quiz has been taken 85 times
  • The average score is 69 of 100

Answer Stats

RatingClubNationPlayer% Correct
93FC BarcelonaArgentinaLionel Messi
100%
91Bayern MunichPolandRobert Lewandowski
100%
92Piemonte CalcioPortugalCristiano Ronaldo
99%
87Atletico MadridUruguayLuis Suarez
97%
89Manchester CityArgentinaSergio Aguero
97%
89Real MadridFranceKarim Benzema
96%
87Real MadridCroatiaLuka Modric
96%
89Real MadridSpainSergio Ramos
94%
87PSGArgentinaAngel Di Maria
93%
88Real MadridBelgiumEden Hazard
93%
86FC BarcelonaSpainGerard Pique
91%
88Real MadridGermanyToni Kroos
91%
87FC BarcelonaFranceAntoine Griezmann
90%
84Sevilla FCSpainJesus Navas
90%
87PSGCosta RicaKeylor Navas
90%
89Bayern MunichGermanyManuel Neuer
90%
87ArsenalGabonPierre-Emerick Aubameyang
90%
86Bayern MunichGermanyThomas Muller
90%
87LazioItalyCiro Immobile
88%
84Manchester UnitedUruguayEdinson Cavani
88%
87Tottenham HotspurFranceHugo Lloris
88%
87Piemonte CalcioItalyGiorgio Chiellini
87%
85Manchester CityAlgeriaRiyad Mahrez
87%
88Inter MilanSloveniaSamir Handanovic
87%
87FC BarcelonaSpainSergio Busquets
87%
85Borussia DortmundGermanyMarco Reus
85%
85NapoliBelgiumDries Mertens
84%
85LiverpoolNetherlandsGeorginio Wijnaldum
84%
86FC BarcelonaSpainJordi Alba
84%
85Piemonte CalcioItalyLeonardo Bonucci
84%
85FC BarcelonaBosnia-HerzegovinaMiralem Pjanic
84%
85ChelseaBrazilThiago Silva
84%
86Leicester CityEnglandJamie Vardy
82%
86Borussia DortmundGermanyMats Hummels
82%
83AC MilanSwedenZlatan Ibrahimovic
82%
86Borussia MonchengladbachSwitzerlandYann Sommer
81%
86Real SociedadSpainDavid Silva
79%
84Leicester CityDenmarkKasper Schmeichel
79%
85Tottenham HotspurBelgiumToby Alderweireld
79%
86Manchester UnitedSpainDavid De Gea
78%
83Roma FCBosnia-HerzegovinaEdin Dzeko
78%
84Manchester CityBrazilFernandinho
78%
86LiverpoolEnglandJordan Henderson
78%
84ChelseaSpainCesar Azpilicueta
76%
83Tottenham HotspurWalesGareth Bale
75%
83Manchester CityGermanyIlkay Gundogan
75%
84RC CeltaSpainIago Aspas
74%
84Borussia DortmundBelgiumAxel Witsel
72%
85CagliariUruguayDiego Godin
72%
83Real MadridBrazilMarcelo
72%
87Piemonte CalcioPolandWojciech Szczesny
72%
85RB LeipzigHungaryPeter Gulacsi
71%
85Piemonte CalcioBrazilAlex Sandro
69%
83Inter MilanChileArturo Vidal
69%
85Villarreal CFSpainDaniel Parejo
69%
84Bayern MunichBrazilDouglas Costa
69%
83Inter Miami FCArgentinaGonzalo Higuain
69%
83WolvesPortugalJoao Moutinho
69%
83Atletico MadridEnglandKieran Trippier
69%
85Manchester CityEnglandKyle Walker
69%
83SL BenficaBelgiumJan Vertonghen
68%
84PSGSenegalIdrissa Gueye
66%
86Sevilla FCArgentinaAlejandro Gomez
63%
84WolvesPortugalRui Patricio
63%
83Inter Miami FCFranceBlaise Matuidi
62%
83EvertonBrazilAllan
60%
84Atletico MadridBrazilFelipe
60%
84AtalantaSloveniaJosip Ilicic
60%
83AjaxSerbiaDusan Tadic
59%
82Bayern MunichGermanyJerome Boateng
59%
84AS MonacoFranceWissam Ben Yedder
59%
83Guangzhou EvergrandeBrazilPaulinho
57%
83CagliariBelgiumRadja Nainggolan
56%
84Borussia DortmundSwitzerlandRoman Burki
56%
82Piemonte CalcioWalesAaron Ramsey
54%
83Al-ShababArgentinaEver Banega
54%
83LAFCMexicoCarlos Vela
53%
84LazioBrazilLucas Leiva
53%
83Newcastle UnitedSlovakiaMartin Dubravka
53%
83Bayer LeverkusenFinlandLukas Hradecky
50%
82Leeds UnitedSpainRodrigo
50%
82Shanghai SIPGAustriaMarko Arnautovic
49%
83Bayer LeverkusenChileCharles Aranguiz
47%
82FenerbahceGermanyMesut Ozil
47%
84TorinoItalySalvatore Sirigu
46%
83Olympique LyonPortugalAnthony Lopes
44%
83Medipol BasaksehirBosnia-HerzegovinaEdin Visca
41%
83Sevilla FCBrazilFernando
41%
84FiorentinaSpainJose Callejon
40%
83Eintracht FrankfurtGermanyKevin Trapp
40%
83Olympique MarseilleFranceSteve Mandanda
40%
83LazioItalyFrancesco Acerbi
37%
84SL BenficaPortugalPizzi
35%
82Inter MilanSerbiaAleksandar Kolarov
34%
83Beijing GuoanBrazilRenato Augusto
32%
82Valencia CFBrazilGabriel Paulista
31%
82CSKA MoscowRussiaMario Fernandes
29%
82Villarreal CFSpainRaul Albiol
28%
82Bayer LeverkusenGermanyKarim Bellarabi
25%
82Real BetisSpainSergio Canales
22%

Score Distribution

Percentile by Number Answered

Percent of People with Each Score

Your Score History

You have not taken this quiz